Central Library OPAC University of Rajshahi

Paul and Virginia / (Record no. 79722)

MARC details
000 -LEADER
fixed length control field 00813nam a2200241 a 4500
001 - CONTROL NUMBER
control field 79722
003 - CONTROL NUMBER IDENTIFIER
rucl marc code BD-RjUL
005 - DATE AND TIME OF LATEST TRANSACTION
control field 20220419103945.0
008 - FIXED-LENGTH DATA ELEMENTS--GENERAL INFORMATION
fixed length control field 220419s1900 enk 000 0 eng u
035 ## - SYSTEM CONTROL NUMBER
System control number (BD-RjUL)79722
040 ## - CATALOGING SOURCE
Original cataloging agency NNL
Modifying agency UPRA
Language of cataloging eng
Transcribing agency BD-RjUL
041 ## - LANGUAGE CODE
Language code of text/sound track or separate title eng
082 ## - DEWEY DECIMAL CLASSIFICATION NUMBER
Edition number 23
Classification number 843.6
Author mark and year SAP 1900
100 1# - MAIN ENTRY--PERSONAL NAME
Personal name Saint-Pierre, Bernardin de,
Dates associated with a name 1737-1814
9 (RLIN) 2546
245 10 - TITLE STATEMENT
Title Paul and Virginia /
Statement of responsibility, etc. by Bernadin de St. Pierre ; with an original memoir of the author.
260 ## - PUBLICATION, DISTRIBUTION, ETC. (IMPRINT)
Place of publication, distribution, etc. London :
Name of publisher, distributor, etc. Stanley Paul ;
Place of publication, distribution, etc. Philadelphia :
Name of publisher, distributor, etc. David McKay,
Date of publication, distribution, etc. [ca. 1900].
300 ## - PHYSICAL DESCRIPTION
Pagination 182 pages :
Illustrations port ;
Size 18 cm.
490 0# - SERIES STATEMENT
Series statement The international library: a new series of translations
500 ## - GENERAL NOTE
General note Memoir signed: Sarah Jones.
650 ## - SUBJECT ADDED ENTRY--TOPICAL TERM
Topical term or geographic name as entry element French fiction
9 (RLIN) 2547
651 #4 - SUBJECT ADDED ENTRY--GEOGRAPHIC NAME
Geographic name Mauritius
Form subdivision Fiction
9 (RLIN) 2548
942 ## - ADDED ENTRY ELEMENTS (KOHA)
Source of classification or shelving scheme Dewey Decimal Classification
Koha item type Books
Holdings
Lost status Source of classification or shelving scheme Damaged status Not for loan Collection code Permanent Location Current Location Shelving location Date acquired Source of acquisition Full call number Date last seen Copy number Koha item type
  Dewey Decimal Classification   Not For Loan Fiction Central Library, University of Rajshahi Central Library, University of Rajshahi Reading Room 13/02/1957 p 843.6 SAP 1900 19/04/2022 C-1 Books